[Event "ureki2015"]
[Site "?"]
[Date "2015.10.11"]
[Round "7.17"]
[White "Tutisani, Noe"]
[Black "Sibashvili, Giorgi"]
[Result "1-0"]
[LiveChessVersion "1.3.1"]
[BlackElo "2367"]
[WhiteElo "2335"]

1. e4 {[%clk 1:30:55]} e6 {[%clk 1:30:54]} 2. d4 {[%clk 1:31:15]} d5
{[%clk 1:31:19]} 3. Nc3 {[%clk 1:31:40]} Bb4 {[%clk 1:31:17]} 4. e5
{[%clk 1:32:04]} c5 {[%clk 1:31:38]} 5. a3 {[%clk 1:32:29]} Bxc3+
{[%clk 1:32:03]} 6. bxc3 {[%clk 1:32:56]} Ne7 {[%clk 1:32:27]} 7. h4
{[%clk 1:30:45]} Qc7 {[%clk 1:22:52]} 8. Nf3 {[%clk 1:30:48]} b6 {[%clk 1:19:49]}
9. h5 {[%clk 1:31:11]} h6 {[%clk 1:19:45]} 10. Bb5+ {[%clk 1:31:36]} Bd7
{[%clk 1:13:34]} 11. Bd3 {[%clk 1:31:34]} Ba4 {[%clk 1:12:51]} 12. Bf4
{[%clk 1:31:29]} Nbc6 {[%clk 1:10:23]} 13. O-O {[%clk 1:31:37]} c4
{[%clk 0:57:33]} 14. Be2 {[%clk 1:32:02]} f5 {[%clk 0:53:21]} 15. exf6
{[%clk 1:27:48]} Qxf4 {[%clk 0:53:20]} 16. fxe7 {[%clk 1:28:14]} Rg8
{[%clk 0:46:00]} 17. Re1 {[%clk 1:24:41]} g5 {[%clk 0:38:29]} 18. Nh2
{[%clk 1:23:48]} Kxe7 {[%clk 0:32:51]} 19. g3 {[%clk 1:22:24]} Qf6
{[%clk 0:31:51]} 20. Ng4 {[%clk 1:22:45]} Qg7 {[%clk 0:31:07]} 21. Bf3
{[%clk 1:14:42]} Kd6 {[%clk 0:30:53]} 22. Re3 {[%clk 1:11:01]} Rae8
{[%clk 0:29:07]} 23. Qe2 {[%clk 1:10:58]} Re7 {[%clk 0:24:14]} 24. Re1
{[%clk 1:07:03]} Rge8 {[%clk 0:23:24]} 25. Qd1 {[%clk 1:04:04]} Bb5
{[%clk 0:18:35]} 26. Bg2 {[%clk 1:03:21]} Ba6 {[%clk 0:15:57]} 27. Qf3
{[%clk 1:02:22]} Bc8 {[%clk 0:11:54]} 28. Ne5 {[%clk 0:55:40]} Nxe5
{[%clk 0:09:57]} 29. Rxe5 {[%clk 0:55:55]} Bd7 {[%clk 0:08:21]} 30. a4
{[%clk 0:52:17]} Rf8 {[%clk 0:01:14]} 31. Qe3 {[%clk 0:51:48]} Ref7
{[%clk 0:00:49]} 32. Rxe6+ {[%clk 0:51:18]} Bxe6 {[%clk 0:01:17]} 33. Qxe6+
{[%clk 0:51:43]} Kc7 {[%clk 0:01:44]} 34. Qxd5 {[%clk 0:52:09]} Rd8
{[%clk 0:00:37]} 35. Qb7+ {[%clk 0:52:24]} 1-0

[Event "ureki2015"]
[Site "?"]
[Date "2015.10.11"]
[Round "7.18"]
[White "Kuchava, Ana"]
[Black "Choladze, Mariam"]
[Result "0-1"]
[LiveChessVersion "1.3.1"]
[BlackElo "2095"]
[WhiteElo "2095"]

1. d4 {[%clk 1:30:58]} Nf6 {[%clk 1:27:55]} 2. Nf3 {[%clk 1:31:21]} e6
{[%clk 1:28:01]} 3. e3 {[%clk 1:31:32]} b6 {[%clk 1:24:40]} 4. Bd3
{[%clk 1:31:50]} Bb7 {[%clk 1:24:30]} 5. O-O {[%clk 1:31:55]} d5 {[%clk 1:24:57]}
6. b3 {[%clk 1:32:07]} Bd6 {[%clk 1:24:14]} 7. Bb2 {[%clk 1:29:35]} c5
{[%clk 1:23:18]} 8. Ne5 {[%clk 1:24:34]} Nc6 {[%clk 1:21:06]} 9. Nd2
{[%clk 1:18:04]} O-O {[%clk 1:19:43]} 10. a3 {[%clk 1:15:18]} Rc8
{[%clk 1:18:54]} 11. Qe2 {[%clk 1:10:46]} Ne7 {[%clk 1:17:58]} 12. c4
{[%clk 0:55:54]} Qc7 {[%clk 1:04:09]} 13. Rac1 {[%clk 0:52:07]} Ne4
{[%clk 0:54:59]} 14. cxd5 {[%clk 0:46:08]} Nxd2 {[%clk 0:50:55]} 15. Qxd2
{[%clk 0:45:18]} Bxe5 {[%clk 0:46:18]} 16. dxe5 {[%clk 0:45:21]} Bxd5
{[%clk 0:46:25]} 17. Qc2 {[%clk 0:45:12]} g6 {[%clk 0:43:03]} 18. e4
{[%clk 0:40:55]} Bb7 {[%clk 0:39:14]} 19. f4 {[%clk 0:38:19]} Nc6
{[%clk 0:30:54]} 20. Rf3 {[%clk 0:22:35]} Rfd8 {[%clk 0:26:44]} 21. Rh3
{[%clk 0:19:02]} Nd4 {[%clk 0:21:15]} 22. Qd1 {[%clk 0:17:23]} Qe7
{[%clk 0:19:03]} 23. Rb1 {[%clk 0:16:34]} Rd7 {[%clk 0:16:54]} 24. Ba1
{[%clk 0:09:29]} b5 {[%clk 0:13:06]} 25. Qg4 {[%clk 0:04:35]} c4 {[%clk 0:10:21]}
26. bxc4 {[%clk 0:05:02]} bxc4 {[%clk 0:10:10]} 27. Bf1 {[%clk 0:05:28]} Bxe4
{[%clk 0:10:05]} 28. Rd1 {[%clk 0:03:10]} Nf3+ {[%clk 0:07:35]} 29. gxf3
{[%clk 0:02:15]} Rxd1 {[%clk 0:07:29]} 30. fxe4 {[%clk 0:02:13]} Rxa1
{[%clk 0:07:37]} 31. Rc3 {[%clk 0:02:07]} Qc5+ {[%clk 0:05:55]} 32. Kh1
{[%clk 0:02:23]} Rxf1+ {[%clk 0:06:18]} 0-1

[Event "ureki2015"]
[Site "?"]
[Date "2015.10.11"]
[Round "7.19"]
[White "Bakhtadze, Levan"]
[Black "Morchiashvili, Bachana"]
[Result "1-0"]
[LiveChessVersion "1.3.1"]
[BlackElo "2331"]
[WhiteElo "2072"]

1. b4 {[%clk 1:30:58]} c6 {[%clk 1:29:07]} 2. Bb2 {[%clk 1:30:58]} Qb6
{[%clk 1:29:30]} 3. a3 {[%clk 1:31:20]} a5 {[%clk 1:29:47]} 4. e3
{[%clk 1:29:17]} axb4 {[%clk 1:28:42]} 5. Bd4 {[%clk 1:29:42]} c5
{[%clk 1:27:37]} 6. Bxc5 {[%clk 1:29:48]} Qf6 {[%clk 1:20:29]} 7. Bd4
{[%clk 1:27:00]} Qd6 {[%clk 1:18:33]} 8. axb4 Rxa1 {[%clk 1:18:53]} 9. Bxa1
{[%clk 1:25:32]} Qxb4 {[%clk 1:19:16]} 10. Nf3 {[%clk 1:24:19]} Nf6
{[%clk 1:19:02]} 11. c4 {[%clk 1:22:05]} e6 {[%clk 1:18:58]} 12. Nc3
{[%clk 1:21:59]} Be7 {[%clk 1:17:36]} 13. Qa4 {[%clk 1:21:36]} Nc6
{[%clk 1:17:00]} 14. Be2 {[%clk 1:21:12]} O-O {[%clk 1:15:16]} 15. O-O
{[%clk 1:19:37]} d5 {[%clk 1:14:57]} 16. Rb1 {[%clk 1:12:16]} Qxa4
{[%clk 1:13:42]} 17. Nxa4 {[%clk 1:09:24]} dxc4 {[%clk 1:10:09]} 18. Nb6
{[%clk 0:56:23]} Nd5 {[%clk 1:07:11]} 19. Nxc4 {[%clk 0:50:05]} Ncb4
{[%clk 1:04:02]} 20. Bf1 {[%clk 0:40:52]} Nc2 {[%clk 1:00:20]} 21. Be5
{[%clk 0:28:29]} Na3 {[%clk 0:55:46]} 22. Nxa3 {[%clk 0:27:18]} Bxa3
{[%clk 0:56:11]} 23. Nd4 {[%clk 0:18:51]} f6 {[%clk 0:52:31]} 24. Bg3
{[%clk 0:16:03]} Rd8 {[%clk 0:49:00]} 25. Nb5 {[%clk 0:15:38]} Be7
{[%clk 0:48:02]} 26. Na7 {[%clk 0:14:30]} Nb4 {[%clk 0:43:35]} 27. Bc7
{[%clk 0:14:02]} Rf8 {[%clk 0:43:24]} 28. Ba5 {[%clk 0:13:05]} Nc6
{[%clk 0:43:23]} 29. Nxc8 {[%clk 0:13:05]} Rxc8 {[%clk 0:43:50]} 30. Rxb7
{[%clk 0:13:02]} Nxa5 {[%clk 0:43:11]} 31. Rxe7 {[%clk 0:13:31]} Nb3
{[%clk 0:37:31]} 32. g3 {[%clk 0:09:43]} Nxd2 {[%clk 0:37:34]} 33. Bh3
{[%clk 0:07:23]} f5 {[%clk 0:23:40]} 34. Rxe6 {[%clk 0:02:46]} Rc5
{[%clk 0:22:43]} 35. Rd6 {[%clk 0:00:44]} Ne4 {[%clk 0:20:34]} 36. Rd1
{[%clk 0:01:13]} g6 {[%clk 0:19:47]} 37. Bg2 {[%clk 0:01:41]} Nc3
{[%clk 0:19:18]} 38. Rd7 {[%clk 0:01:59]} Nb5 {[%clk 0:18:01]} 39. Bd5+
{[%clk 0:01:46]} Kf8 {[%clk 0:17:47]} 40. Bb3 {[%clk 0:32:08]} Rc7
{[%clk 0:47:45]} 41. Rd8+ {[%clk 0:27:16]} Ke7 {[%clk 0:47:00]} 42. Rh8
{[%clk 0:25:13]} Kf6 {[%clk 0:45:33]} 43. h4 {[%clk 0:24:19]} Nd6
{[%clk 0:41:28]} 44. Kg2 {[%clk 0:24:07]} Rb7 {[%clk 0:41:19]} 45. Bd5
{[%clk 0:24:13]} Ra7 {[%clk 0:41:12]} 46. Kf3 {[%clk 0:20:58]} h5
{[%clk 0:40:25]} 47. Ra8 {[%clk 0:18:20]} Rc7 {[%clk 0:37:13]} 48. Ra6
{[%clk 0:17:24]} Ke5 {[%clk 0:37:09]} 49. Ra5 {[%clk 0:17:47]} Kf6
{[%clk 0:37:26]} 50. Kf4 {[%clk 0:17:48]} Rc2 {[%clk 0:34:30]} 51. f3
{[%clk 0:17:53]} Rd2 {[%clk 0:34:14]} 52. Ba2 {[%clk 0:15:02]} Rf2
{[%clk 0:32:17]} 53. Ra6 {[%clk 0:15:00]} Ke7 {[%clk 0:31:07]} 54. Bd5
{[%clk 0:08:49]} Rd2 {[%clk 0:29:09]} 55. e4 {[%clk 0:08:49]} fxe4
{[%clk 0:29:07]} 56. fxe4 {[%clk 0:09:18]} Rd3 {[%clk 0:27:43]} 57. Ra7+
{[%clk 0:09:23]} Kf8 {[%clk 0:26:58]} 58. Ke5 {[%clk 0:08:24]} Nb5
{[%clk 0:24:16]} 59. Rf7+ {[%clk 0:07:49]} Ke8 {[%clk 0:24:41]} 60. Rf6
{[%clk 0:08:08]} Nd4 {[%clk 0:23:05]} 61. Rxg6 {[%clk 0:08:06]} Ne2
{[%clk 0:23:14]} 62. g4 {[%clk 0:06:52]} hxg4 {[%clk 0:23:28]} 63. Kd6
{[%clk 0:05:35]} Rf3 {[%clk 0:23:42]} 64. e5 {[%clk 0:05:16]} Rf8
{[%clk 0:23:39]} 65. Rxg4 {[%clk 0:03:39]} Nf4 {[%clk 0:22:23]} 66. Bc6+
{[%clk 0:03:18]} Kd8 {[%clk 0:22:51]} 67. e6 {[%clk 0:03:12]} 1-0

[Event "ureki2015"]
[Site "?"]
[Date "2015.10.11"]
[Round "7.20"]
[White "Chkhaidze, Nikoloz"]
[Black "Kobakhidze, Irakli"]
[Result "1-0"]
[LiveChessVersion "1.3.1"]
[BlackElo "1511"]
[WhiteElo "2323"]

1. e4 {[%clk 1:30:57]} c5 {[%clk 1:30:53]} 2. Nf3 {[%clk 1:31:25]} d6
{[%clk 1:30:32]} 3. d4 {[%clk 1:31:52]} cxd4 {[%clk 1:30:34]} 4. Nxd4
{[%clk 1:32:20]} Nf6 {[%clk 1:30:08]} 5. Nc3 {[%clk 1:32:45]} a6 {[%clk 1:29:25]}
6. Be3 {[%clk 1:33:10]} g6 {[%clk 1:29:38]} 7. f3 {[%clk 1:33:11]} Bg7
{[%clk 1:29:55]} 8. Qd2 {[%clk 1:33:37]} O-O {[%clk 1:29:57]} 9. O-O-O
{[%clk 1:33:36]} b5 {[%clk 1:30:17]} 10. Kb1 {[%clk 1:33:18]} Bb7
{[%clk 1:30:03]} 11. g4 {[%clk 1:33:21]} Nc6 {[%clk 1:30:21]} 12. h4
{[%clk 1:32:13]} h5 {[%clk 1:29:15]} 13. Nce2 {[%clk 1:29:51]} hxg4
{[%clk 1:27:02]} 14. Nxc6 {[%clk 1:29:35]} Bxc6 {[%clk 1:27:15]} 15. Nd4
{[%clk 1:29:59]} Bd7 {[%clk 1:27:19]} 16. h5 {[%clk 1:29:54]} gxh5
{[%clk 1:25:28]} 17. Bh6 {[%clk 1:29:39]} e5 {[%clk 1:23:22]} 18. Nf5
{[%clk 1:23:52]} Bxf5 {[%clk 1:22:25]} 19. exf5 {[%clk 1:24:17]} Ne8
{[%clk 1:05:50]} 20. Rxh5 {[%clk 1:24:05]} Qf6 {[%clk 1:04:39]} 21. fxg4
{[%clk 1:10:14]} Bxh6 {[%clk 0:56:30]} 22. Rxh6 {[%clk 1:10:08]} Qg7
{[%clk 0:54:31]} 23. g5 {[%clk 1:10:17]} f6 {[%clk 0:51:52]} 24. Rg6
{[%clk 1:10:39]} Qxg6 {[%clk 0:52:20]} 25. fxg6 {[%clk 1:11:03]} f5
{[%clk 0:52:40]} 26. Qd5+ {[%clk 1:11:05]} 1-0

[Event "ureki2015"]
[Site "?"]
[Date "2015.10.11"]
[Round "7.21"]
[White "Petriashvili, Nikoloz"]
[Black "Chkhikvishvili, Mindia"]
[Result "1-0"]
[LiveChessVersion "1.3.1"]
[BlackElo "2057"]
[WhiteElo "2240"]

1. d4 {[%clk 1:30:56]} Nf6 {[%clk 1:30:42]} 2. c4 {[%clk 1:31:12]} g6
{[%clk 1:31:07]} 3. f3 {[%clk 1:31:36]} d5 {[%clk 1:31:11]} 4. cxd5
{[%clk 1:31:57]} Nxd5 {[%clk 1:31:24]} 5. e4 {[%clk 1:32:18]} Nb6
{[%clk 1:31:14]} 6. Nc3 {[%clk 1:32:40]} Bg7 {[%clk 1:30:59]} 7. Be3
{[%clk 1:33:03]} c6 {[%clk 1:29:58]} 8. a4 {[%clk 1:29:40]} Be6 {[%clk 1:27:56]}
9. Bf2 {[%clk 1:17:45]} a5 {[%clk 1:10:32]} 10. Nge2 {[%clk 1:17:26]} Bc4
{[%clk 1:09:42]} 11. h4 {[%clk 1:14:21]} N8d7 {[%clk 1:00:19]} 12. h5
{[%clk 1:14:23]} Bh6 {[%clk 0:56:42]} 13. f4 {[%clk 1:09:10]} Nf6
{[%clk 0:54:27]} 14. hxg6 {[%clk 1:08:25]} hxg6 {[%clk 0:54:43]} 15. Ng3
{[%clk 1:07:26]} Bxf1 {[%clk 0:51:38]} 16. Nxf1 {[%clk 1:07:35]} Qc7
{[%clk 0:43:06]} 17. g3 {[%clk 0:58:46]} O-O-O {[%clk 0:28:56]} 18. Rc1
{[%clk 0:57:10]} Kb8 {[%clk 0:28:35]} 19. d5 {[%clk 0:47:42]} Nc8
{[%clk 0:23:37]} 20. Bd4 {[%clk 0:47:20]} Bxf4 {[%clk 0:22:01]} 21. Rxh8
{[%clk 0:38:29]} Rxh8 {[%clk 0:21:47]} 22. gxf4 {[%clk 0:38:35]} Qxf4
{[%clk 0:21:43]} 23. Qd2 {[%clk 0:37:41]} Qh4+ {[%clk 0:18:47]} 24. Bf2
{[%clk 0:34:53]} Qg4 {[%clk 0:13:39]} 25. dxc6 {[%clk 0:31:52]} bxc6
{[%clk 0:13:04]} 26. Qd3 {[%clk 0:24:33]} Rh3 {[%clk 0:10:45]} 27. Qc4
{[%clk 0:22:00]} Qf4 {[%clk 0:08:20]} 28. Ne2 {[%clk 0:13:52]} Qxe4
{[%clk 0:07:30]} 29. Qxc6 {[%clk 0:12:03]} Qb4+ {[%clk 0:04:38]} 30. Rc3
{[%clk 0:11:50]} Rxc3 {[%clk 0:04:18]} 31. Qxc3 {[%clk 0:10:43]} Qxa4
{[%clk 0:04:12]} 32. Bg3+ {[%clk 0:10:58]} Kb7 {[%clk 0:03:58]} 33. Qc7+
{[%clk 0:11:00]} Ka6 {[%clk 0:03:55]} 34. Qxc8+ {[%clk 0:11:27]} Qb4+
{[%clk 0:02:52]} 35. Qc3 1-0

[Event "ureki2015"]
[Site "?"]
[Date "2015.10.11"]
[Round "7.22"]
[White "Shamatava, Ana"]
[Black "Gavasheli, Ana"]
[Result "1-0"]
[LiveChessVersion "1.3.1"]
[BlackElo "2168"]
[WhiteElo "2054"]

1. e4 {[%clk 1:30:58]} g6 {[%clk 1:30:56]} 2. d4 {[%clk 1:31:22]} Bg7
{[%clk 1:31:21]} 3. Nc3 {[%clk 1:31:47]} c6 {[%clk 1:31:48]} 4. f4
{[%clk 1:32:01]} d5 {[%clk 1:32:13]} 5. e5 {[%clk 1:32:13]} Nh6 {[%clk 1:32:37]}
6. Nf3 {[%clk 1:32:03]} Qb6 {[%clk 1:33:02]} 7. Na4 {[%clk 1:27:00]} Qc7
{[%clk 1:33:08]} 8. Be3 {[%clk 1:26:15]} Bg4 {[%clk 1:32:45]} 9. h3
{[%clk 1:21:23]} Nf5 {[%clk 1:29:56]} 10. Bf2 {[%clk 1:21:37]} Bxf3
{[%clk 1:30:20]} 11. Qxf3 {[%clk 1:21:38]} Qa5+ {[%clk 1:27:36]} 12. Nc3
{[%clk 1:22:00]} e6 {[%clk 1:27:48]} 13. g4 {[%clk 1:19:51]} Ne7 {[%clk 1:28:13]}
14. O-O-O {[%clk 1:19:57]} b5 {[%clk 1:25:23]} 15. Kb1 {[%clk 1:20:17]} b4
{[%clk 1:24:50]} 16. Ne2 {[%clk 1:20:39]} c5 {[%clk 1:15:24]} 17. dxc5
{[%clk 1:18:07]} Nd7 {[%clk 1:11:21]} 18. Nd4 {[%clk 1:15:48]} O-O
{[%clk 1:08:46]} 19. Bh4 {[%clk 1:11:41]} Nc8 {[%clk 1:03:25]} 20. c6
{[%clk 1:09:23]} Nc5 {[%clk 1:03:50]} 21. Bf6 {[%clk 1:05:41]} Bxf6
{[%clk 1:01:22]} 22. exf6 {[%clk 1:06:05]} Ne4 {[%clk 1:01:49]} 23. g5
{[%clk 1:00:25]} Ncd6 {[%clk 0:57:36]} 24. h4 {[%clk 0:58:30]} Rab8
{[%clk 0:51:42]} 25. Ka1 {[%clk 0:51:52]} Nf5 {[%clk 0:44:32]} 26. Nb3
{[%clk 0:40:24]} Qb6 {[%clk 0:44:24]} 27. Bd3 {[%clk 0:38:08]} Nf2
{[%clk 0:36:52]} 28. Bxf5 {[%clk 0:30:34]} exf5 {[%clk 0:36:50]} 29. h5
{[%clk 0:28:35]} Nxh1 {[%clk 0:29:31]} 30. Rxh1 {[%clk 0:27:47]} Qxc6
{[%clk 0:27:27]} 31. Nd4 {[%clk 0:26:32]} Qd7 {[%clk 0:27:14]} 32. Qh3
{[%clk 0:26:03]} Rbe8 {[%clk 0:25:24]} 33. Nc6 {[%clk 0:24:16]} Re6
{[%clk 0:18:40]} 34. Ne5 {[%clk 0:18:12]} Rxe5 {[%clk 0:18:59]} 35. fxe5
{[%clk 0:18:37]} Re8 {[%clk 0:19:12]} 36. Qh2 {[%clk 0:18:30]} Re6
{[%clk 0:14:42]} 37. Rd1 {[%clk 0:18:27]} Qb7 {[%clk 0:11:35]} 38. Qf4
{[%clk 0:16:15]} Qb6 {[%clk 0:07:55]} 39. Kb1 {[%clk 0:12:33]} Qc5
{[%clk 0:07:57]} 40. Qh2 {[%clk 0:40:54]} Rc6 {[%clk 0:33:13]} 41. hxg6
{[%clk 0:39:13]} fxg6 {[%clk 0:33:35]} 42. Rh1 {[%clk 0:38:44]} h5
{[%clk 0:31:47]} 43. gxh6 {[%clk 0:39:03]} Kh7 {[%clk 0:32:12]} 44. Qg2
{[%clk 0:38:22]} Qd4 {[%clk 0:28:11]} 45. Rg1 {[%clk 0:36:14]} Qg4
{[%clk 0:28:36]} 46. Qxg4 {[%clk 0:36:36]} fxg4 {[%clk 0:29:02]} 47. f7
{[%clk 0:37:03]} 1-0

[Event "ureki2015"]
[Site "?"]
[Date "2015.10.11"]
[Round "7.23"]
[White "Metreveli, Lekso"]
[Black "Ebralidze, Alexandre"]
[Result "0-1"]
[LiveChessVersion "1.3.1"]
[BlackElo "2163"]
[WhiteElo "1443"]

1. d4 {[%clk 1:30:58]} d5 {[%clk 1:30:56]} 2. c4 {[%clk 1:31:18]} e6
{[%clk 1:31:23]} 3. Nc3 {[%clk 1:31:39]} Bb4 {[%clk 1:31:47]} 4. e3
{[%clk 1:31:24]} Nf6 {[%clk 1:32:06]} 5. Nf3 {[%clk 1:31:13]} O-O
{[%clk 1:31:46]} 6. Be2 {[%clk 1:30:43]} dxc4 {[%clk 1:29:50]} 7. Bxc4
{[%clk 1:30:06]} b6 {[%clk 1:29:12]} 8. O-O {[%clk 1:29:34]} Bb7 {[%clk 1:29:26]}
9. Qe2 {[%clk 1:26:53]} c5 {[%clk 1:24:39]} 10. Rd1 {[%clk 1:26:35]} Qe7
{[%clk 1:24:09]} 11. Bd2 {[%clk 1:22:24]} cxd4 {[%clk 1:24:04]} 12. Nxd4
{[%clk 1:21:49]} a6 {[%clk 1:20:07]} 13. a3 {[%clk 1:21:12]} Bd6 {[%clk 1:20:20]}
14. Rac1 {[%clk 1:19:55]} b5 {[%clk 1:20:23]} 15. Ba2 {[%clk 1:18:53]} Nbd7
{[%clk 1:20:45]} 16. Be1 {[%clk 1:14:02]} Rac8 {[%clk 1:17:56]} 17. f3
{[%clk 1:03:49]} Nb6 {[%clk 1:16:48]} 18. e4 {[%clk 1:01:28]} Bf4
{[%clk 1:16:08]} 19. Rc2 {[%clk 0:58:52]} Nc4 {[%clk 1:15:38]} 20. Bxc4
{[%clk 0:55:53]} Rxc4 {[%clk 1:15:38]} 21. Bf2 {[%clk 0:52:14]} Rfc8
{[%clk 1:14:32]} 22. g3 {[%clk 0:50:16]} Bb8 {[%clk 1:13:29]} 23. Rcd2
{[%clk 0:49:37]} h5 {[%clk 1:12:27]} 24. Nb3 {[%clk 0:48:19]} Be5
{[%clk 0:59:39]} 25. Na2 {[%clk 0:45:10]} Qc7 {[%clk 0:55:49]} 26. Bd4
{[%clk 0:37:51]} Bxd4+ {[%clk 0:53:29]} 27. Rxd4 {[%clk 0:37:51]} Rxd4
{[%clk 0:51:01]} 28. Rxd4 {[%clk 0:36:19]} h4 {[%clk 0:49:30]} 29. g4
{[%clk 0:31:36]} Nd7 {[%clk 0:41:09]} 30. Nc3 {[%clk 0:24:29]} Ne5
{[%clk 0:40:59]} 31. Qe3 {[%clk 0:13:28]} Nc4 {[%clk 0:39:22]} 32. Qg5
{[%clk 0:13:11]} h3 {[%clk 0:34:29]} 33. Kf1 {[%clk 0:04:20]} Nxb2
{[%clk 0:30:07]} 34. Nc5 {[%clk 0:02:46]} f6 {[%clk 0:14:19]} 35. Qh5
{[%clk 0:02:02]} Qe5 {[%clk 0:09:47]} 36. Qg6 {[%clk 0:00:35]} Qxd4
{[%clk 0:09:38]} 37. Nd5 {[%clk 0:00:38]} Qc4+ {[%clk 0:08:52]} 38. Ke1
{[%clk 0:00:48]} Bxd5 {[%clk 0:08:52]} 0-1

[Event "ureki2015"]
[Site "?"]
[Date "2015.10.11"]
[Round "7.24"]
[White "Khomeriki, Ketevan"]
[Black "Kostava, Elene"]
[Result "1-0"]
[LiveChessVersion "1.3.1"]
[BlackElo "1775"]
[WhiteElo "1841"]

1. e4 {[%clk 1:30:58]} c6 {[%clk 1:30:49]} 2. d3 {[%clk 1:31:17]} d5
{[%clk 1:31:12]} 3. Qe2 {[%clk 1:31:41]} dxe4 {[%clk 1:31:29]} 4. dxe4 e5
{[%clk 1:31:48]} 5. Nd2 {[%clk 1:14:19]} Bc5 {[%clk 1:27:06]} 6. Nc4
{[%clk 1:11:23]} f6 {[%clk 1:16:52]} 7. Be3 {[%clk 1:04:26]} Bxe3
{[%clk 1:06:46]} 8. Qxe3 {[%clk 1:03:01]} Be6 {[%clk 0:59:15]} 9. Rd1
{[%clk 1:02:55]} Qe7 {[%clk 0:59:19]} 10. Nd6+ {[%clk 1:01:01]} Kf8
{[%clk 0:59:38]} 11. f4 {[%clk 0:52:41]} exf4 {[%clk 0:56:47]} 12. Qxf4
{[%clk 0:52:58]} g5 {[%clk 0:55:42]} 13. Qf2 {[%clk 0:51:26]} Nd7
{[%clk 0:52:47]} 14. Nf3 {[%clk 0:47:11]} h6 {[%clk 0:51:00]} 15. Be2
{[%clk 0:43:43]} c5 {[%clk 0:37:26]} 16. O-O {[%clk 0:42:10]} Rb8
{[%clk 0:37:31]} 17. Bb5 {[%clk 0:35:47]} b6 {[%clk 0:31:50]} 18. e5
{[%clk 0:33:30]} Kg7 {[%clk 0:30:06]} 19. Bxd7 {[%clk 0:30:46]} Bxd7
{[%clk 0:30:12]} 20. e6 {[%clk 0:30:35]} Qxe6 {[%clk 0:26:52]} 21. Rfe1
{[%clk 0:30:40]} Qxa2 {[%clk 0:23:02]} 22. b3 {[%clk 0:28:02]} Rh7
{[%clk 0:15:06]} 23. Ra1 {[%clk 0:23:28]} Qb2 {[%clk 0:15:06]} 24. Qd2
{[%clk 0:20:36]} f5 {[%clk 0:09:43]} 25. Nc4 {[%clk 0:18:25]} Qf6
{[%clk 0:10:04]} 26. Rxa7 {[%clk 0:18:09]} Kh8 {[%clk 0:08:26]} 27. Rxd7
{[%clk 0:18:35]} Rxd7 {[%clk 0:08:10]} 28. Qxd7 {[%clk 0:19:02]} Rd8
{[%clk 0:08:32]} 29. Qe6 {[%clk 0:19:02]} 1-0